| 000 | 00638nam a22002171c 4500 | ||
|---|---|---|---|
| 001 | a987679425 | ||
| 008 | 170307s1999 gw a||| 000u rus d | ||
| 020 |
_a5889770381 _95-88977-038-1 |
||
| 041 | _arus | ||
| 100 | 1 |
_aAbramovič, Aron L. _912354 |
|
| 245 | 0 | 0 |
_aV rešajuščej vojne : _bučastie i rol' evreev SSSR v vojne protiv nacizma / _cAron Abramovič |
| 264 |
_aSankt-Peterburg : _bDEAN, _c1999 |
||
| 300 | _a746, [32] S. : Ill | ||
| 650 | 0 |
_aWeltkrieg <1939-1945> _98199 |
|
| 650 | 0 | _aJuden | |
| 651 | 0 |
_aSowjetunion _9127 |
|
| 942 | _cMG | ||
| 040 | _cRU-10907106 | ||
| 003 | RU-10907106 | ||
| 999 |
_c34614 _d34614 |
||
| 546 | _aIn kyrill. Schr., russ | ||